000 00537nam a2200193Ia 4500
005 20250508154921.0
008 008 250505s9999 xx 000 0 eng d
037 _aTextual
040 _aFEDL
_beng
_cFEDL
041 _aeng
_2eng
084 _a371.4, HUT
_qFEDL
100 _aHutchins Robert M
245 0 _aLearning society
260 _aLondon, UK
_bPall Mall Press
_c1968
300 _a142p.
650 _aEducational - Guidance and Counseling
_9756302
942 _cTEXL
_h371.4, HUT
999 _c1352804
_d1352804